| 000 | 00845nam a22001937a 4500 | ||
|---|---|---|---|
| 008 | 111212t xxu||||| |||| 00| 0 eng d | ||
| 020 | _a0072430362 | ||
| 050 | _aHB173.C51 | ||
| 100 | _aClayton, Gary E. | ||
| 245 |
_aA Guide to everyday economic statistics / _cGary E. Clayton and Martin Gerhard Giesbrecht. |
||
| 250 | _a5th ed. | ||
| 260 |
_aBoston: _bMcGraw-Hill, _cc2001. |
||
| 300 |
_a152 p.: _bill. _c23cm. |
||
| 500 | _aIncludes index. | ||
| 505 | _aContents: Introduction -- Total output, production, and growth -- Investment and capital expenditures -- Employment, earnings, and profits -- Spending, sales, and expectations -- Prices, money, and interest rates -- Financial markets, international trade, and foreign exchange. | ||
| 650 | _aEconomics - Statistical method | ||
| 700 | _aGiesbrecht, Martin Gerhard. | ||
| 942 |
_2lcc _cBK |
||
| 999 |
_c353 _d7853 |
||